000 00335nam a22001457a 4500
008 210527b ||||| |||| 00| 0 eng d
020 _a9780131188310
041 _aeng
080 _a37
082 _a37
100 _a46
101 _aEDU
245 _aCreative Thinking and Arts Based Learning
_cJoan P. Isenberg
942 _2udc
_cBK
999 _c57714
_d57714